The Town and Country Planning (General Permitted Development) (Scotland) Amendment Order 2011 (Record no. 113249)

MARC details
000 -LEADER
fixed length control field 01097cad a22002415a 4500
001 - CONTROL NUMBER
control field E154939
008 - FIXED-LENGTH DATA ELEMENTS--GENERAL INFORMATION
fixed length control field 120206s2011 xxk f l s000 0 eng d
035 ## - SYSTEM CONTROL NUMBER
System control number (Sirsi) u154939
041 0# - LANGUAGE CODE
Language code of text/sound track or separate title eng
050 04 - LIBRARY OF CONGRESS CALL NUMBER
Classification number 711.1 $2 18
110 2# - MAIN ENTRY--CORPORATE NAME
Corporate name or jurisdiction name as entry element Scotland
Form subheading Laws, etc
245 04 - TITLE STATEMENT
Title The Town and Country Planning (General Permitted Development) (Scotland) Amendment Order 2011
Medium [electronic resource]
260 ## - PUBLICATION, DISTRIBUTION, ETC.
Place of publication, distribution, etc. Edinburgh
Name of publisher, distributor, etc. Scottish Government
Date of publication, distribution, etc. 2011
490 #0 - SERIES STATEMENT
Series statement Scottish Statutory Instrument
Volume/sequential designation 2011: 357
520 ## - SUMMARY, ETC.
Summary, etc. Amends the Town and Country Planning (General Permitted Development) (Scotland) Order 1992 by changing the types of home improvements and alterations which can be carried out without the need for planning permission.
521 ## - TARGET AUDIENCE NOTE
Target audience note Advanced
590 ## - LOCAL NOTE (RLIN)
Local note KA
650 24 - SUBJECT ADDED ENTRY--TOPICAL TERM
Topical term or geographic name entry element TOWN AND COUNTRY PLANNING (GENERAL PERMITTED DEVELOPMENT) (SCOTLAND) AMENDMENT ORDER 2011
651 #4 - SUBJECT ADDED ENTRY--GEOGRAPHIC NAME
Geographic name Scotland
Chronological subdivision 1999-
690 ## - LOCAL SUBJECT ADDED ENTRY--TOPICAL TERM (OCLC, RLIN)
Topical term or geographic name as entry element Planning and development
9 (RLIN) 6259
856 40 - ELECTRONIC LOCATION AND ACCESS
Uniform Resource Identifier <a href="https://www.legislation.gov.uk/ssi/2011/357/contents/made">https://www.legislation.gov.uk/ssi/2011/357/contents/made</a>
Public note View the SI free of charge at www.legislation.gov.uk
942 ## - ADDED ENTRY ELEMENTS (KOHA)
Suppress in OPAC 0
Holdings
Withdrawn status Lost status Source of classification or shelving scheme Damaged status Not for loan Home library Current library Shelving location Date acquired Total Checkouts Full call number Barcode Date last seen Copy number Price effective from Koha item type
    Dewey Decimal Classification     Virtual Virtual Online 06/02/2012   ONLINE PUBLICATION 154939-2001 06/08/2019 1 06/08/2019 Book